书目信息 |
| 题名: |
民国人物传
|
|
| 作者: | 严如平 , 朱信泉 主编 | |
| 分册: | 第四卷 | |
| 出版信息: | 北京 中华书局 1984 |
|
| 页数: | 405页 | |
| 开本: | 19cm | |
| 丛书名: | 中华民国史资料丛稿 | |
| 单 册: | ||
| 中图分类: | K820.6 | |
| 科图分类: | ||
| 主题词: | 历史人物--列传--中国--民国 | |
| 电子资源: | ||
| ISBN: | ||
| 000 | 00730nam0 2200253 45 | |
| 001 | 0198001702 | |
| 005 | 20060330162531.81 | |
| 010 | @dCNY1.20 | |
| 091 | @a11018.1194 | |
| 100 | @a19971225d1984 kemy0chiy0121 ea | |
| 101 | 0 | @achi |
| 102 | @aCN@b110000 | |
| 105 | @ay z 001yc | |
| 200 | 10 | @a民国人物传@Amin guo ren wu zhuan@h第四卷@f朱信泉,严如平主编@Fzhu xin quan,yan ru ping zhu bian |
| 210 | @a北京@c中华书局@d1984 | |
| 215 | @a405页@d19cm | |
| 225 | 2 | @a中华民国史资料丛稿 |
| 410 | 0 | @120010@a中华民国史资料丛稿 |
| 606 | @a历史人物@x列传@y中国@z民国 | |
| 690 | @aK820.6@v4 | |
| 701 | 0 | @a严如平@Ayan ru ping@4主编 |
| 701 | 0 | @a朱信泉@Azhu xin quan@4主编 |
| 801 | @aCN@bTSTC@c20060330 | |
| 905 | @dK820.6@e1:4 | |
| 民国人物传.第四卷/朱信泉,严如平主编.-北京:中华书局,1984 |
| 405页;19cm.-(中华民国史资料丛稿) |
| ISBN :CNY1.20 |
| ● |
| 相关链接 |
|
|
|
|
正题名:民国人物传
索取号:K820.6/1:4
 
预约/预借
| 序号 | 登录号 | 条形码 | 馆藏地/架位号 | 状态 | 备注 |
| 1 | 0124398 | 202233939 | 密集书库/ [索取号:K820.6/1:4] | 在馆 | |
| 2 | 0124399 | 001414892 | 第二样本阅览室/ [索取号:K820.6/1:4] | 在馆 | |
| 3 | 0124400 | 202233966 | 密集书库/ [索取号:K820.6/1:4] | 在馆 |